| 000 | 00837nam a2200229Ia 4500 | ||
|---|---|---|---|
| 003 | GCL | ||
| 008 | 140319s9999 xx 000 0 ara d | ||
| 040 |
_aGCL / _cGCL |
||
| 082 | 0 | 4 |
_a915.691 _bا ظ |
| 100 | 1 | _aاسامة العيسة | |
| 245 | 1 | 0 |
_aظله على الارض : _bالقاب حكام مسلمين فى رقوم مقدسية / _cاسامة العيسة |
| 250 | _aالاولى | ||
| 260 |
_aسوريا : _bقدمس للنشر والتوزيع ، _c2004 |
||
| 300 |
_a232 ص ؛ _c20 سم |
||
| 650 | 0 | 4 | _aالقدس - الفتح الاسلامى |
| 650 | 0 | 4 | _aالقدس - تاريخ |
| 650 | 0 | 4 | _aالقدس - وصف ورحلات |
| 650 | 0 | 4 | _aالالقاب الاسلامية |
| 650 | 0 | 4 | _aالقدس - الاثار الاسلامية |
| 650 | 0 | 4 | _aالاثار المسيحية - القدس |
| 942 |
_2ddc _cBK |
||
| 999 |
_c8079 _d8079 |
||